<?xml version="1.0" encoding="UTF-8"?>
<record
    xmlns:xsi="http://www.w3.org/2001/XMLSchema-instance"
    xsi:schemaLocation="http://www.loc.gov/MARC21/slim http://www.loc.gov/standards/marcxml/schema/MARC21slim.xsd"
    xmlns="http://www.loc.gov/MARC21/slim">

  <leader>02958nam a22002777a 4500</leader>
  <controlfield tag="003">DO-CoUTE</controlfield>
  <controlfield tag="005">20260520124513.0</controlfield>
  <controlfield tag="008">260516b        dr ||||| |||| 00| 0 spa d</controlfield>
  <datafield tag="040" ind1=" " ind2=" ">
    <subfield code="a">DO-CoUTE</subfield>
    <subfield code="b">spa</subfield>
    <subfield code="c">DO-CoUTE</subfield>
  </datafield>
  <datafield tag="041" ind1=" " ind2=" ">
    <subfield code="a">spa</subfield>
  </datafield>
  <datafield tag="092" ind1=" " ind2=" ">
    <subfield code="a">AGR 2025 S156</subfield>
  </datafield>
  <datafield tag="100" ind1="1" ind2=" ">
    <subfield code="a">Sandoval Rosa, Carina</subfield>
    <subfield code="e">Sustentante </subfield>
  </datafield>
  <datafield tag="245" ind1="1" ind2="0">
    <subfield code="a">An&#xE1;lisis de la Implementaci&#xF3;n de Herramientas de Inteligencia Artificial para el Monitoreo y la Toma de Decisiones en el Cultivo de Arroz, Provincia S&#xE1;nchez Ram&#xED;rez / </subfield>
    <subfield code="c">Carina Sandoval Rosa, Leoanna Edili Pichardo Pe&#xF1;a, Mar&#xED;a Celeste Paula Peralta ; Asesor, Glenny L&#xF3;pez Rodr&#xED;guez</subfield>
  </datafield>
  <datafield tag="260" ind1=" " ind2=" ">
    <subfield code="a">Cotu&#xED;, Rep&#xFA;blica Dominicana ; </subfield>
    <subfield code="b">UTECO, </subfield>
    <subfield code="c">2025</subfield>
  </datafield>
  <datafield tag="300" ind1=" " ind2=" ">
    <subfield code="a">89 Hojas  : </subfield>
    <subfield code="b">Imagenes ; </subfield>
    <subfield code="c">23cm, </subfield>
    <subfield code="e">+ 1 CD-ROM </subfield>
  </datafield>
  <datafield tag="502" ind1=" " ind2=" ">
    <subfield code="a">Trabajo de Grado (Ingeniero Agr&#xF3;nomo ) Universidad Tecnol&#xF3;gica del Cibao Oriental, 2025.
</subfield>
  </datafield>
  <datafield tag="504" ind1=" " ind2=" ">
    <subfield code="a">Incluye referencia bibliogr&#xE1;fica e &#xED;ndice.
</subfield>
  </datafield>
  <datafield tag="520" ind1=" " ind2=" ">
    <subfield code="a">La presente investigaci&#xF3;n tuvo como t&#xED;tulo: An&#xE1;lisis de la implementaci&#xF3;n de
herramientas de inteligencia artificial (IA) para el monitoreo la toma de decisiones en el
cultivo de arroz (Oryza sativa L.) en la provincia S&#xE1;nchez Ram&#xED;rez, cuyo objetivo es
analizar la implementaci&#xF3;n de herramientas de inteligencia artificial para el monitoreo y la
toma de decisiones en el cultivo de arroz. El estudio se desarroll&#xF3; bajo un enfoque
cuantitativo, con dise&#xF1;o no experimental y alcance descriptivo, aplicando dos instrumentos
a productores y t&#xE9;cnicos vinculados al sistema arrocero local, seleccionados mediante
muestreo intencional. Los resultados evidenciaron que el 100 % de los productores y
t&#xE9;cnicos encuestados utiliza al menos una herramienta asociada a la IA, destac&#xE1;ndose el
uso de drones con c&#xE1;maras multiespectrales, sensores IoT y plataformas de an&#xE1;lisis de
datos, aunque con diferencias en la frecuencia de uso y niveles de capacitaci&#xF3;n entre ambos
grupos. Asimismo, se identificaron como principales factores que favorecen la adopci&#xF3;n la
capacitaci&#xF3;n, el apoyo institucional y los resultados demostrables en el rendimiento del
cultivo, mientras que los costos elevados, la falta de conocimiento y la resistencia al cambio
constituyen las principales limitaciones. Se concluye que la integraci&#xF3;n de herramientas de
inteligencia artificial contribuye a mejorar el monitoreo del cultivo, optimizar el uso de
insumos y fortalecer la toma de decisiones agron&#xF3;micas, representando una alternativa
viable para avanzar hacia sistemas arroceros m&#xE1;s eficientes y sostenibles en la zona de
estudio.</subfield>
  </datafield>
  <datafield tag="650" ind1=" " ind2="4">
    <subfield code="a">Herramientas de inteligencia artificial </subfield>
  </datafield>
  <datafield tag="700" ind1="1" ind2=" ">
    <subfield code="a">Carina Sandoval Rosa</subfield>
    <subfield code="e">Sustentante </subfield>
  </datafield>
  <datafield tag="700" ind1="1" ind2=" ">
    <subfield code="a">Leoanna Edili Pichardo Pe&#xF1;a</subfield>
    <subfield code="e">Sustentante </subfield>
  </datafield>
  <datafield tag="700" ind1="1" ind2=" ">
    <subfield code="a">Glenny L&#xF3;pez Rodr&#xED;guez</subfield>
    <subfield code="e">Asesor </subfield>
  </datafield>
  <datafield tag="830" ind1=" " ind2=" ">
    <subfield code="a">Tesis y disertaciones acad&#xE9;micas (Universidad Tecnol&#xF3;gica del Cibao Oriental)</subfield>
  </datafield>
  <datafield tag="856" ind1=" " ind2=" ">
    <subfield code="y">Haga Click Aqu&#xED; para Descargar en Texto Completo</subfield>
  </datafield>
  <datafield tag="942" ind1=" " ind2=" ">
    <subfield code="2">ddc</subfield>
    <subfield code="c">TH</subfield>
  </datafield>
  <datafield tag="999" ind1=" " ind2=" ">
    <subfield code="c">24194</subfield>
    <subfield code="d">24194</subfield>
  </datafield>
  <datafield tag="952" ind1=" " ind2=" ">
    <subfield code="0">0</subfield>
    <subfield code="1">0</subfield>
    <subfield code="2">ddc</subfield>
    <subfield code="4">0</subfield>
    <subfield code="7">0</subfield>
    <subfield code="8">eT</subfield>
    <subfield code="a">BU</subfield>
    <subfield code="b">BU</subfield>
    <subfield code="c">GEN</subfield>
    <subfield code="d">2026-05-16</subfield>
    <subfield code="i">24194</subfield>
    <subfield code="l">0</subfield>
    <subfield code="o">AGR 2025 S156</subfield>
    <subfield code="p">24194</subfield>
    <subfield code="r">2026-05-16 14:32:00</subfield>
    <subfield code="t">Ej.1</subfield>
    <subfield code="w">2026-05-16</subfield>
    <subfield code="y">TH</subfield>
  </datafield>
</record>
